| 000 | 02704nam0a2200373 4500 | ||
|---|---|---|---|
| 001 | RU\NLR\BIBL_A\011945007 | ||
| 005 | 20190405104419.0 | ||
| 010 |
_a978-5-906314-91-8 _9500 |
||
| 021 |
_aRU _bКН-П-19-002195 _9КН-П-19-0153 |
||
| 035 | _a(NLR Aleph) 011945007 | ||
| 035 | _a(RuMoRGB)009875204 | ||
| 090 |
_a11113127 _c11113127 |
||
| 100 | _a20190222d2018 k y0rusy50 ca | ||
| 101 | 0 |
_arus _deng |
|
| 102 | _aRU | ||
| 105 | _a |||z|||110zy | ||
| 200 | 1 |
_aМодели современного социально-экономического развития России: взгляд в будущее _eматериалы Национальной научно-практической конференции с международным участием, посвященной 20-летию Якутского института экономики, 18 мая 2018 г., [г. Якутск] _fЧастное образовательное учреждение высшего образования "Санкт-Петербургский университет технологий управления и экономики", Якутский институт экономики _g[под общей редакцией к.э.н., доцента И.В. Николаевой, к.э.н. Н.Ю. Иванова] |
|
| 210 |
_aКрасноярск _cНаучно-инновационный центр _d2018 |
||
| 215 |
_a315 с. _cил., табл. _d21 |
||
| 300 | _aРез. англ. | ||
| 320 | _aБиблиогр. в конце ст. | ||
| 607 |
_aРоссийская Федерация _xСоциально-экономическое развитие _jСъезды, совещания и т.п _2nlr_sh1 _2nlr_sh2 _3RU\NLR\AUTH\661248179 |
||
| 686 | 1 | _aУ03(2Р)74я431 | |
| 702 | 1 |
_aНиколаева _bИ. В. _cканд. экон. наук _gИрина Валентиновна _3RU\NLR\AUTH\77106449 _4340 |
|
| 702 | 1 |
_aИванов _bН. Ю. _cканд. экон. наук _gНиколай Юрьевич _3RU\NLR\AUTH\770138507 _4340 |
|
| 711 | 1 | 2 |
_a"Модели современного социально-экономического развития России: взгляд в будущее", национальная научно-практическая конференция с международным участием _f2018 _eЯкутск _3RU\NLR\AUTH\880496251 |
| 712 | 0 | 2 |
_aЯкутский институт экономики _3RU\NLR\AUTH\880496250 _4570 |
| 942 | _cBOOK | ||
| 980 | _aNBR | ||
| 980 | _aNB | ||